00465nam a2200157Ia 45000030006000000080041000060400015000471000016000622450049000782600009001275460012001369420012001489990017001600050017001779520113001940STCL150530s9999 xx 000 0 und d aSTCLcSTCL aHasbach, W. aHistory of the english agricultural labourer c1920 aEnglish 2ddccBK c10685d1068520220125165551.0 00102ddc4070aSTCALbSTCALcGENd2015-05-30g25.00l0o338.1-11p108r2015-05-30 00:00:00w2015-05-30yBK